000 00421nam a22001697a 4500
005 20260413171509.0
008 160629b xxu||||| |||| 00| 0 eng d
020 _a81-7808-437-7
041 _aeng
082 _a658.562
100 _aCHOWDHURY SUBIR
_98420
245 _aYOU CAN GET TO THE POWER OF SIX SIGMA
260 _bPEARSON EDUCATION ASIA
_c2001
_aDELHI
300 _a128;P
650 _aManagement
942 _cBK
999 _c4763
_d4761